000 00738nam a2200181Ia 4500
008 090124s9999 xx 000 0 und d
082 _b135084
100 _aदिघे अनघा नितीन
245 _a सत्ता अधिकार प्राप्तीची 48 सुत्रे
250 _a1
260 _bरॉबर्ट ग्रीन
_c2007
300 _a195
600 _aदिघे अनघा नितीन
630 _a सत्ता अधिकार प्राप्तीची 48 सुत्रे
700 _aदिघे अनघा नितीन
730 _a सत्ता अधिकार प्राप्तीची 48 सुत्रे
942 _cBOOK
999 _c199957
_d199957